| 000 | 00502nam a2200157Ia 4500 | ||
|---|---|---|---|
| 008 | 210716s2002 xx 000 0 und d | ||
| 020 | _a0324066538 | ||
| 041 | _aeng | ||
| 082 | _a658.4012 SICJ | ||
| 100 | _aSiciliano, Julie; Gopinath, C. | ||
| 245 |
_aStrategize: experiential exercieses in strategic management. _bExperiential exercieses in strategic management. |
||
| 250 | _a1 | ||
| 260 |
_aAustralia _bSouth Western Thomson learning _c2002 |
||
| 300 | _ax,182 | ||
| 650 | _aStrategic Management | ||
| 999 |
_c200807 _d200807 |
||